Normal view
MARC view
- التراجم- الاسلام- علماء الاسلام
Entry Topical Term
001 - CONTROL NUMBER
- control field: 18359
003 - CONTROL NUMBER IDENTIFIER
- control field: JO-AjAnu
005 - DATE AND TIME OF LATEST TRANSACTION
- control field: 20230606073227.0
008 - FIXED-LENGTH DATA ELEMENTS
- fixed length control field: 230606|| aca||aabn | a|a d
040 ## - CATALOGING SOURCE
- Original cataloging agency: JO-AjAnu
- Transcribing agency: JO-AjAnu
150 ## - HEADING--TOPICAL TERM
- Topical term or geographic name entry element: التراجم- الاسلام- علماء الاسلام
670 ## - SOURCE DATA FOUND
- Source citation: Work cat.: (JO-AjAnu)9424: تاليف الناخبي، عبدالله أحمد محسن؛ تحقيق باذيب، محمد أبو بكر عبدالله, author 18358, القول المختار فيما لآل العمودي من الأخبار: نصوص مختارة